Statistics for European Cities 500k+ that start or end in S

Click here to take the quiz!

General Stats

  • This quiz has been taken 50 times
  • The average score is 7 of 11

Answer Stats

Hint Answer % Correct
9Stockholm
91%
2Brussels
78%
5Paris
76%
1Athens
72%
8Sofia
65%
10Stuttgart
65%
6Seville
61%
7Sheffield
61%
3Leeds
41%
4Naples
41%
11Vilnius
30%

Score Distribution

Percentile by Number Answered

Percent of People with Each Score

Your Score History

You have not taken this quiz